[Event "European Women's Championship"]
[Site "Vysoke Tatry"]
[Date "2018.04.18"]
[Round "10"]
[White "Vega Gutierrez, Sabrina"]
[Black "Ozturk, Kubra"]
[Result "1/2-1/2"]
[Board "32"]
[WhiteElo "2425"]
[WhiteTitle "IM"]
[WhiteCountry "ESP"]
[WhiteFideId "2219026"]
[WhiteEloChange "-2"]
[BlackElo "2295"]
[BlackTitle "WGM"]
[BlackCountry "TUR"]
[BlackFideId "6302599"]
[BlackEloChange "4"]

1. e4 {[%clk 1:30:54]} e5 {[%clk 1:30:51]} 2. Nf3 {[%clk 1:31:18]} Nc6 {[%clk
1:31:14]} 3. d4 {[%clk 1:31:42]} exd4 {[%clk 1:31:35]} 4. Nxd4 {[%clk 1:32:04]}
Bc5 {[%clk 1:31:57]} 5. Nb3 {[%clk 1:32:26]} Bb6 {[%clk 1:32:11]} 6. Qe2 {[%clk
1:32:40]} Nge7 {[%clk 1:30:59]} 7. Nc3 {[%clk 1:32:26]} O-O {[%clk 1:30:44]} 8.
Bg5 {[%clk 1:32:24]} f6 {[%clk 1:27:24]} 9. Bh4 {[%clk 1:32:21]} Ng6 {[%clk
1:24:28]} 10. Bg3 {[%clk 1:32:39]} f5 {[%clk 1:20:56]} 11. Qc4+ {[%clk 0:53:49]}
Kh8 {[%clk 1:12:42]} 12. exf5 {[%clk 0:54:08]} d5 {[%clk 1:02:44]} 13. Qxd5
{[%clk 0:47:28]} Bxf5 {[%clk 1:02:01]} 14. O-O-O {[%clk 0:45:58]} Qe7 {[%clk
0:47:05]} 15. Qd2 {[%clk 0:40:09]} Rad8 {[%clk 0:45:56]} 16. Bd3 {[%clk 0:38:36]}
Nb4 {[%clk 0:44:29]} 17. Rhe1 {[%clk 0:35:06]} Qf7 {[%clk 0:39:22]} 18. Ne4
{[%clk 0:34:53]} Nxd3+ {[%clk 0:35:07]} 19. cxd3 {[%clk 0:35:12]} Bxe4 {[%clk
0:35:17]} 20. Rxe4 {[%clk 0:35:31]} Bxf2 {[%clk 0:34:41]} 21. Bxf2 {[%clk
0:29:05]} Qxf2 {[%clk 0:35:09]} 22. Qxf2 {[%clk 0:29:22]} Rxf2 {[%clk 0:35:37]}
23. Rd2 {[%clk 0:29:44]} Rf6 {[%clk 0:32:25]} 24. g3 {[%clk 0:21:22]} Kg8 {[%clk
0:32:22]} 25. Rc2 {[%clk 0:20:50]} c6 {[%clk 0:27:27]} 26. Rce2 {[%clk 0:17:16]}
b6 {[%clk 0:21:11]} 27. d4 {[%clk 0:17:09]} Kf7 {[%clk 0:20:51]} 28. Nd2 {[%clk
0:16:23]} Rd5 {[%clk 0:13:43]} 29. R2e3 {[%clk 0:13:00]} Rf2 {[%clk 0:08:57]} 30.
h4 {[%clk 0:08:42]} c5 {[%clk 0:08:25]} 31. Ra3 {[%clk 0:06:17]} a5 {[%clk
0:07:08]} 32. Rf3+ {[%clk 0:01:47]} Rxf3 {[%clk 0:07:03]} 33. Nxf3 {[%clk
0:02:15]} cxd4 {[%clk 0:06:43]} 34. Ng5+ {[%clk 0:01:09]} Kf6 {[%clk 0:02:38]}
35. Nxh7+ {[%clk 0:01:17]} Kf5 {[%clk 0:03:06]} 36. Ng5 {[%clk 0:01:31]} Ne5
{[%clk 0:03:24]} 37. b3 {[%clk 0:00:54]} Rc5+ {[%clk 0:01:54]} 38. Kd1 {[%clk
0:00:39]} d3 {[%clk 0:02:11]} 39. Rf4+ {[%clk 0:00:59]} Kg6 {[%clk 0:02:39]} 40.
Nf3 {[%clk 0:30:54]} Nxf3 {[%clk 0:31:14]} 41. Rxf3 {[%clk 0:31:16]} Rc2 {[%clk
0:31:06]} 42. Rxd3 {[%clk 0:28:09]} Rxa2 {[%clk 0:31:34]} 43. Rd6+ {[%clk
0:27:26]} Kh7 {[%clk 0:24:46]} 44. Rxb6 {[%clk 0:27:47]} a4 {[%clk 0:25:05]} 45.
bxa4 {[%clk 0:27:41]} Rxa4 {[%clk 0:25:30]} 46. Ke2 {[%clk 0:28:01]} Ra3 {[%clk
0:25:17]} 47. Kf2 {[%clk 0:28:28]} Rc3 {[%clk 0:24:01]} 48. Kg2 {[%clk 0:28:54]}
Ra3 {[%clk 0:23:17]} 49. Kh3 {[%clk 0:28:19]} Ra5 {[%clk 0:23:01]} 50. Rb3 {[%clk
0:26:26]} Ra1 {[%clk 0:22:31]} 51. Rf3 {[%clk 0:22:20]} Ra4 {[%clk 0:20:19]} 52.
g4 {[%clk 0:19:48]} Ra1 {[%clk 0:20:17]} 53. Rb3 {[%clk 0:19:18]} Rh1+ {[%clk
0:20:25]} 54. Kg3 {[%clk 0:19:46]} Rg1+ {[%clk 0:20:42]} 55. Kf4 {[%clk 0:20:12]}
Ra1 {[%clk 0:20:07]} 56. Rb5 {[%clk 0:19:23]} Ra6 {[%clk 0:19:44]} 57. h5 {[%clk
0:13:04]} Ra4+ {[%clk 0:19:43]} 58. Kg5 {[%clk 0:13:30]} Ra6 {[%clk 0:20:08]} 59.
Rb4 {[%clk 0:13:12]} Ra1 {[%clk 0:20:21]} 60. Re4 {[%clk 0:11:57]} Rb1 {[%clk
0:20:34]} 61. Kf5 {[%clk 0:10:36]} Rf1+ {[%clk 0:20:38]} 62. Kg5 {[%clk 0:10:36]}
Ra1 {[%clk 0:21:05]} 63. Kf4 {[%clk 0:10:57]} Rb1 {[%clk 0:18:52]} 64. Re5 {[%clk
0:05:12]} Rf1+ {[%clk 0:18:50]} 65. Kg5 {[%clk 0:05:16]} Ra1 {[%clk 0:19:16]} 66.
Kh4 {[%clk 0:03:58]} Rh1+ {[%clk 0:18:53]} 67. Kg3 {[%clk 0:04:26]} Rg1+ {[%clk
0:19:18]} 68. Kh3 {[%clk 0:04:47]} Ra1 {[%clk 0:19:15]} 69. g5 {[%clk 0:01:25]}
Rh1+ {[%clk 0:19:09]} 70. Kg4 {[%clk 0:01:53]} Rg1+ {[%clk 0:19:31]} 71. Kf5
{[%clk 0:02:19]} Rf1+ {[%clk 0:19:52]} 72. Ke6 {[%clk 0:02:26]} Rf2 {[%clk
0:15:16]} 73. Rf5 {[%clk 0:02:27]} Rh2 {[%clk 0:13:35]} 74. Kf7 {[%clk 0:02:00]}
Rg2 {[%clk 0:13:48]} 75. g6+ {[%clk 0:00:43]} Kh6 {[%clk 0:14:16]} 76. Kg8 {[%clk
0:00:40]} Ra2 {[%clk 0:14:15]} 77. Rf8 {[%clk 0:00:39]} Ra5 {[%clk 0:13:29]} 78.
Rf7 {[%clk 0:00:33]} Ra8+ {[%clk 0:13:41]} 79. Rf8 {[%clk 0:01:01]} 1/2-1/2

[Event "European Women's Championship"]
[Site "Vysoke Tatry"]
[Date "2018.04.18"]
[Round "10"]
[White "Hoolt, Sarah"]
[Black "Sargsyan, Anna M."]
[Result "0-1"]
[Board "34"]
[WhiteElo "2393"]
[WhiteTitle "WGM"]
[WhiteCountry "GER"]
[WhiteFideId "24606812"]
[WhiteEloChange "-13"]
[BlackElo "2276"]
[BlackTitle "WFM"]
[BlackCountry "ARM"]
[BlackFideId "13308130"]
[BlackEloChange "13"]

1. e4 {[%clk 1:30:57]} c6 {[%clk 1:30:57]} 2. d4 {[%clk 1:31:23]} d5 {[%clk
1:31:23]} 3. e5 {[%clk 1:31:48]} c5 {[%clk 1:31:50]} 4. dxc5 {[%clk 1:32:12]} e6
{[%clk 1:32:17]} 5. a3 {[%clk 1:32:25]} Bxc5 {[%clk 1:32:43]} 6. Nf3 {[%clk
1:32:41]} Ne7 {[%clk 1:32:59]} 7. Bd3 {[%clk 1:32:50]} Ng6 {[%clk 1:33:02]} 8.
O-O {[%clk 1:32:46]} O-O {[%clk 1:29:56]} 9. Ng5 {[%clk 1:27:02]} Be7 {[%clk
1:26:41]} 10. Qh5 {[%clk 1:27:04]} Bxg5 {[%clk 1:26:49]} 11. Bxg5 {[%clk
1:27:26]} Qb6 {[%clk 1:22:15]} 12. Be7 {[%clk 1:23:47]} Re8 {[%clk 1:22:40]} 13.
Bd6 {[%clk 1:24:08]} Bd7 {[%clk 1:20:45]} 14. Nc3 {[%clk 1:15:55]} f5 {[%clk
1:15:32]} 15. Qg5 {[%clk 0:58:57]} Nh8 {[%clk 1:11:52]} 16. Bxf5 {[%clk 0:35:42]}
Nf7 {[%clk 1:08:10]} 17. Qh4 {[%clk 0:26:29]} exf5 {[%clk 1:06:02]} 18. Nxd5
{[%clk 0:26:51]} Qa5 {[%clk 0:55:04]} 19. Ne7+ {[%clk 0:25:14]} Kh8 {[%clk
0:54:58]} 20. Ng6+ {[%clk 0:25:34]} Kg8 {[%clk 0:55:25]} 21. Ne7+ {[%clk
0:26:00]} Kh8 {[%clk 0:55:46]} 22. Rad1 {[%clk 0:13:38]} Nc6 {[%clk 0:48:04]} 23.
Rd3 {[%clk 0:08:02]} Qd8 {[%clk 0:36:47]} 24. Rh3 {[%clk 0:06:50]} h6 {[%clk
0:35:11]} 25. Ng6+ {[%clk 0:06:58]} Kh7 {[%clk 0:35:26]} 26. Qc4 {[%clk 0:03:31]}
Be6 {[%clk 0:35:19]} 27. Nf8+ {[%clk 0:03:50]} Rxf8 {[%clk 0:35:44]} 28. Qxe6
{[%clk 0:04:16]} Ng5 {[%clk 0:35:41]} 29. Qb3 {[%clk 0:03:54]} Nxh3+ {[%clk
0:36:04]} 30. Qxh3 {[%clk 0:03:28]} Rf7 {[%clk 0:35:59]} 31. c3 {[%clk 0:01:23]}
Qd7 {[%clk 0:35:34]} 32. f4 {[%clk 0:01:17]} Qe6 {[%clk 0:35:52]} 33. Qd3 {[%clk
0:01:31]} Rd8 {[%clk 0:35:51]} 34. b4 {[%clk 0:01:09]} g5 {[%clk 0:32:18]} 35.
Qf3 {[%clk 0:00:39]} Rg8 {[%clk 0:32:06]} 36. b5 {[%clk 0:00:40]} Na5 {[%clk
0:32:23]} 37. fxg5 {[%clk 0:01:01]} Rxg5 {[%clk 0:32:25]} 38. Kh1 {[%clk
0:00:36]} Nc4 {[%clk 0:32:46]} 39. Qf4 {[%clk 0:00:39]} Qd5 {[%clk 0:32:50]} 40.
Rf2 {[%clk 0:30:41]} Rfg7 {[%clk 1:02:57]} 41. h4 {[%clk 0:30:30]} Rxg2 {[%clk
1:02:59]} 42. Qxf5+ {[%clk 0:30:50]} R2g6+ {[%clk 1:03:08]} 43. Kh2 {[%clk
0:31:10]} Ne3 {[%clk 1:03:12]} 0-1

[Event "European Women's Championship"]
[Site "Vysoke Tatry"]
[Date "2018.04.18"]
[Round "10"]
[White "Fuchs, Judith"]
[Black "Gara, Anita"]
[Result "0-1"]
[Board "35"]
[WhiteElo "2286"]
[WhiteTitle "WGM"]
[WhiteCountry "GER"]
[WhiteFideId "24605611"]
[WhiteEloChange "-8"]
[BlackElo "2369"]
[BlackTitle "IM"]
[BlackCountry "HUN"]
[BlackFideId "709751"]
[BlackEloChange "8"]

1. d4 {[%clk 1:30:57]} Nf6 {[%clk 1:30:23]} 2. Bf4 {[%clk 1:31:18]} b6 {[%clk
1:30:42]} 3. e3 {[%clk 1:30:51]} Bb7 {[%clk 1:31:07]} 4. Nf3 {[%clk 1:30:40]} g6
{[%clk 1:29:24]} 5. Bd3 {[%clk 1:28:09]} Bg7 {[%clk 1:29:06]} 6. h4 {[%clk
1:25:21]} d6 {[%clk 1:27:09]} 7. Nc3 {[%clk 1:21:19]} Nbd7 {[%clk 1:24:33]} 8. e4
{[%clk 1:11:18]} c5 {[%clk 1:17:09]} 9. d5 {[%clk 1:09:04]} b5 {[%clk 1:05:48]}
10. Bxb5 {[%clk 1:02:00]} O-O {[%clk 1:03:41]} 11. Qd2 {[%clk 0:55:38]} a6 {[%clk
0:49:34]} 12. Be2 {[%clk 0:50:55]} Qb6 {[%clk 0:44:45]} 13. O-O {[%clk 0:46:08]}
Rfe8 {[%clk 0:42:53]} 14. Rfe1 {[%clk 0:42:47]} Rac8 {[%clk 0:41:16]} 15. Bc4
{[%clk 0:36:51]} Nh5 {[%clk 0:31:46]} 16. Bh6 {[%clk 0:25:54]} Bh8 {[%clk
0:28:56]} 17. Rab1 {[%clk 0:24:42]} Nhf6 {[%clk 0:26:13]} 18. a3 {[%clk 0:19:04]}
Qc7 {[%clk 0:23:38]} 19. Qf4 {[%clk 0:16:30]} Nb6 {[%clk 0:20:45]} 20. Be2 {[%clk
0:15:43]} c4 {[%clk 0:16:25]} 21. Ng5 {[%clk 0:14:38]} Nbd7 {[%clk 0:16:16]} 22.
Bg4 {[%clk 0:14:10]} Bg7 {[%clk 0:12:50]} 23. Bxg7 {[%clk 0:10:45]} Kxg7 {[%clk
0:13:17]} 24. Re3 {[%clk 0:08:14]} Rf8 {[%clk 0:12:13]} 25. Bxd7 {[%clk 0:06:29]}
Qxd7 {[%clk 0:12:34]} 26. Rh3 {[%clk 0:05:52]} h6 {[%clk 0:11:49]} 27. Nf3 {[%clk
0:06:04]} e5 {[%clk 0:10:44]} 28. Qd2 {[%clk 0:04:36]} Nh5 {[%clk 0:11:11]} 29.
Nh2 {[%clk 0:03:47]} f5 {[%clk 0:10:28]} 30. Rf3 {[%clk 0:02:31]} Kh7 {[%clk
0:08:19]} 31. b3 {[%clk 0:01:51]} f4 {[%clk 0:08:32]} 32. bxc4 {[%clk 0:01:05]}
Rxc4 {[%clk 0:08:55]} 33. Qe2 {[%clk 0:01:19]} Rfc8 {[%clk 0:09:12]} 34. Rb3
{[%clk 0:01:18]} a5 {[%clk 0:09:08]} 35. a4 {[%clk 0:01:05]} Ba6 {[%clk 0:09:33]}
36. Qe1 {[%clk 0:00:54]} Nf6 {[%clk 0:09:04]} 37. Rb6 {[%clk 0:01:00]} Bb7 {[%clk
0:07:43]} 38. g3 {[%clk 0:01:17]} Qc7 {[%clk 0:06:19]} 39. Qb1 {[%clk 0:01:28]}
Ba8 {[%clk 0:06:43]} 40. Rb3 {[%clk 0:31:11]} Nxe4 {[%clk 0:35:26]} 41. Nxe4
{[%clk 0:27:57]} Rxe4 {[%clk 0:35:40]} 42. Rb5 {[%clk 0:23:37]} Rc4 {[%clk
0:25:38]} 43. h5 {[%clk 0:21:57]} Qf7 {[%clk 0:16:21]} 44. c3 {[%clk 0:20:49]}
R4c5 {[%clk 0:12:44]} 45. gxf4 {[%clk 0:17:17]} exf4 {[%clk 0:12:51]} 46. c4
{[%clk 0:11:45]} Rxc4 {[%clk 0:12:43]} 47. hxg6+ {[%clk 0:11:29]} Qxg6+ {[%clk
0:13:09]} 48. Qxg6+ {[%clk 0:11:57]} Kxg6 {[%clk 0:13:34]} 49. Rxa5 {[%clk
0:12:02]} Rd4 {[%clk 0:12:46]} 50. Ra6 {[%clk 0:07:43]} Rc1+ {[%clk 0:11:46]} 51.
Nf1 {[%clk 0:06:16]} Bxd5 {[%clk 0:12:09]} 52. Rxd6+ {[%clk 0:06:23]} Kg5 {[%clk
0:12:03]} 53. Rh3 {[%clk 0:04:45]} Rxf1+ {[%clk 0:11:53]} 54. Kxf1 {[%clk
0:05:05]} Bc4+ {[%clk 0:12:20]} 55. Kg2 {[%clk 0:05:03]} Rxd6 {[%clk 0:12:48]}
56. Rc3 {[%clk 0:05:17]} Bd5+ {[%clk 0:13:00]} 57. Kh3 {[%clk 0:05:31]} Rc6
{[%clk 0:12:46]} 58. Rd3 {[%clk 0:05:38]} Be6+ {[%clk 0:13:08]} 59. Kh2 {[%clk
0:06:00]} Rc2 {[%clk 0:12:58]} 60. Kg2 {[%clk 0:06:07]} Bf5 {[%clk 0:12:46]} 61.
Rd4 {[%clk 0:06:11]} Ra2 {[%clk 0:13:01]} 62. Rb4 {[%clk 0:06:29]} h5 {[%clk
0:13:18]} 63. Rb8 {[%clk 0:06:44]} Be4+ {[%clk 0:13:22]} 64. Kh3 {[%clk 0:06:56]}
Rxf2 {[%clk 0:12:42]} 65. Rg8+ {[%clk 0:07:23]} Bg6 {[%clk 0:12:44]} 66. a5
{[%clk 0:07:47]} Rf3+ {[%clk 0:13:08]} 67. Kh2 {[%clk 0:08:06]} Ra3 {[%clk
0:13:32]} 0-1

[Event "European Women's Championship"]
[Site "Vysoke Tatry"]
[Date "2018.04.18"]
[Round "10"]
[White "Yildiz Kadioglu, Betul Cemre"]
[Black "Arakhamia-Grant, Ketevan"]
[Result "1-0"]
[Board "36"]
[WhiteElo "2286"]
[WhiteTitle "WGM"]
[WhiteCountry "TUR"]
[WhiteFideId "6302920"]
[WhiteEloChange "12"]
[BlackElo "2347"]
[BlackTitle "GM"]
[BlackCountry "SCO"]
[BlackFideId "13600168"]
[BlackEloChange "-12"]

1. d4 {[%clk 1:30:55]} g6 {[%clk 1:30:54]} 2. Nf3 {[%clk 1:31:18]} Bg7 {[%clk
1:31:16]} 3. c4 {[%clk 1:30:51]} d6 {[%clk 1:31:36]} 4. g3 {[%clk 1:30:25]} Nd7
{[%clk 1:31:34]} 5. Nc3 {[%clk 1:28:25]} e5 {[%clk 1:31:49]} 6. Bg2 {[%clk
1:20:49]} Ne7 {[%clk 1:32:05]} 7. O-O {[%clk 1:18:42]} O-O {[%clk 1:32:26]} 8. e4
{[%clk 1:17:26]} exd4 {[%clk 1:32:14]} 9. Nxd4 {[%clk 1:17:49]} Nc6 {[%clk
1:32:35]} 10. Nde2 {[%clk 1:14:03]} Nc5 {[%clk 1:32:39]} 11. Be3 {[%clk 1:10:15]}
f5 {[%clk 1:32:15]} 12. Bxc5 {[%clk 0:55:53]} dxc5 {[%clk 1:32:36]} 13. Qd5+
{[%clk 0:56:14]} Qxd5 {[%clk 1:27:04]} 14. exd5 {[%clk 0:56:12]} Ne5 {[%clk
1:24:52]} 15. b3 {[%clk 0:53:53]} Bd7 {[%clk 1:23:18]} 16. Rad1 {[%clk 0:48:13]}
Rae8 {[%clk 1:14:49]} 17. h4 {[%clk 0:36:13]} Nf7 {[%clk 1:03:12]} 18. Rd3 {[%clk
0:31:58]} Nd6 {[%clk 0:53:36]} 19. Nf4 {[%clk 0:30:17]} Kh8 {[%clk 0:53:53]} 20.
a4 {[%clk 0:24:39]} a6 {[%clk 0:52:18]} 21. a5 {[%clk 0:24:58]} Be5 {[%clk
0:36:25]} 22. Nce2 {[%clk 0:20:04]} Re7 {[%clk 0:23:37]} 23. Re3 {[%clk 0:18:04]}
Rfe8 {[%clk 0:17:59]} 24. Nd3 {[%clk 0:18:17]} Bg7 {[%clk 0:05:59]} 25. Rxe7
{[%clk 0:16:26]} Rxe7 {[%clk 0:06:28]} 26. Nxc5 {[%clk 0:16:30]} Rxe2 {[%clk
0:01:25]} 27. Nxd7 {[%clk 0:16:53]} Bc3 {[%clk 0:00:36]} 28. Nc5 {[%clk 0:10:41]}
Bxa5 {[%clk 0:00:45]} 29. Ne6 {[%clk 0:11:05]} Rd2 {[%clk 0:00:40]} 30. Rb1
{[%clk 0:10:29]} Bb4 {[%clk 0:00:37]} 31. Nxc7 {[%clk 0:06:40]} Bc5 {[%clk
0:00:43]} 32. Rf1 {[%clk 0:07:07]} Ne4 {[%clk 0:00:36]} 33. Bxe4 {[%clk 0:07:26]}
fxe4 {[%clk 0:01:05]} 34. Ne6 {[%clk 0:07:31]} Ba7 {[%clk 0:01:26]} 35. Ng5
{[%clk 0:04:55]} e3 {[%clk 0:00:39]} 36. fxe3 {[%clk 0:05:22]} Bxe3+ {[%clk
0:01:06]} 37. Kh1 {[%clk 0:05:49]} Bxg5 {[%clk 0:00:34]} 38. hxg5 {[%clk
0:06:17]} Kg7 {[%clk 0:01:04]} 39. Rf6 {[%clk 0:05:54]} b5 {[%clk 0:00:36]} 40.
Rxa6 {[%clk 0:36:07]} Rd3 {[%clk 0:30:44]} 41. d6 {[%clk 0:28:06]} Kf7 {[%clk
0:25:22]} 42. c5 {[%clk 0:27:15]} Ke6 {[%clk 0:23:18]} 43. b4 {[%clk 0:23:41]}
Rxg3 {[%clk 0:22:40]} 44. Ra7 {[%clk 0:22:17]} Rd3 {[%clk 0:20:02]} 45. Rb7
{[%clk 0:12:06]} Rd4 {[%clk 0:17:15]} 46. Kh2 {[%clk 0:11:45]} Rxb4 {[%clk
0:12:38]} 47. Re7+ {[%clk 0:11:52]} Kf5 {[%clk 0:13:03]} 48. d7 {[%clk 0:11:34]}
Rd4 {[%clk 0:13:27]} 49. c6 {[%clk 0:11:44]} 1-0

[Event "European Women's Championship"]
[Site "Vysoke Tatry"]
[Date "2018.04.18"]
[Round "10"]
[White "Cosma, Elena-Luminita"]
[Black "Nemcova, Karin"]
[Result "1-0"]
[Board "37"]
[WhiteElo "2340"]
[WhiteTitle "WGM"]
[WhiteCountry "ROU"]
[WhiteFideId "1201590"]
[WhiteEloChange "2"]
[BlackElo "1992"]
[BlackCountry "CZE"]
[BlackFideId "360821"]
[BlackEloChange "-2"]

1. d4 {[%clk 1:30:58]} d5 {[%clk 1:30:50]} 2. c4 {[%clk 1:31:21]} e6 {[%clk
1:31:10]} 3. Nf3 {[%clk 1:31:44]} Nf6 {[%clk 1:31:32]} 4. g3 {[%clk 1:32:01]}
dxc4 {[%clk 1:31:50]} 5. Bg2 {[%clk 1:32:21]} Bd7 {[%clk 1:32:12]} 6. Ne5 {[%clk
1:32:23]} Bc6 {[%clk 1:32:32]} 7. Nxc6 {[%clk 1:32:30]} Nxc6 {[%clk 1:32:52]} 8.
O-O {[%clk 1:32:36]} Qd7 {[%clk 1:32:38]} 9. e3 {[%clk 1:32:36]} Rd8 {[%clk
1:32:37]} 10. Nd2 {[%clk 1:28:58]} b5 {[%clk 1:26:00]} 11. a4 {[%clk 1:29:23]} a6
{[%clk 1:26:16]} 12. axb5 {[%clk 1:29:30]} axb5 {[%clk 1:26:45]} 13. Qe2 {[%clk
1:28:41]} Be7 {[%clk 1:24:18]} 14. b3 {[%clk 1:21:50]} c3 {[%clk 1:19:36]} 15.
Qxb5 {[%clk 1:19:16]} Nxd4 {[%clk 1:16:27]} 16. Qxd7+ {[%clk 1:19:37]} Nxd7
{[%clk 1:15:57]} 17. exd4 {[%clk 1:19:32]} cxd2 {[%clk 1:16:16]} 18. Bxd2 {[%clk
1:19:59]} O-O {[%clk 1:12:33]} 19. Ra7 {[%clk 1:16:11]} Bd6 {[%clk 1:11:23]} 20.
Ba5 {[%clk 1:16:21]} Nf6 {[%clk 1:08:41]} 21. Rc1 {[%clk 1:12:45]} Rb8 {[%clk
1:02:40]} 22. Bb7 {[%clk 1:11:38]} Nd5 {[%clk 0:52:10]} 23. Bxd5 {[%clk 1:08:36]}
exd5 {[%clk 0:51:29]} 24. Bxc7 {[%clk 1:09:01]} Bxc7 {[%clk 0:46:24]} 25. Rcxc7
{[%clk 1:09:23]} Rxb3 {[%clk 0:39:33]} 26. Rc5 {[%clk 1:09:44]} g6 {[%clk
0:38:45]} 27. Rxd5 {[%clk 1:10:06]} Rf3 {[%clk 0:33:05]} 28. Kg2 {[%clk 1:09:31]}
Rf6 {[%clk 0:32:05]} 29. h4 {[%clk 1:05:24]} Rc8 {[%clk 0:29:15]} 30. Ra2 {[%clk
1:01:32]} Rcc6 {[%clk 0:28:47]} 31. h5 {[%clk 1:00:06]} Kg7 {[%clk 0:28:37]} 32.
Rc5 {[%clk 0:37:23]} Rfd6 {[%clk 0:23:45]} 33. Rxc6 {[%clk 0:29:19]} Rxc6 {[%clk
0:24:14]} 34. Kf3 {[%clk 0:28:52]} Kf6 {[%clk 0:22:44]} 35. Ke4 {[%clk 0:28:50]}
Rd6 {[%clk 0:21:47]} 36. Ra5 {[%clk 0:24:39]} Ke6 {[%clk 0:18:05]} 37. Re5+
{[%clk 0:22:47]} Kf6 {[%clk 0:18:12]} 38. g4 {[%clk 0:21:30]} h6 {[%clk 0:15:49]}
39. f4 {[%clk 0:16:06]} Kg7 {[%clk 0:16:02]} 40. hxg6 {[%clk 0:46:20]} Kxg6
{[%clk 0:45:24]} 41. Rh5 {[%clk 0:42:50]} Rd8 {[%clk 0:43:45]} 42. d5 {[%clk
0:42:00]} Re8+ {[%clk 0:43:32]} 43. Kd4 {[%clk 0:41:49]} Re1 {[%clk 0:43:53]} 44.
d6 {[%clk 0:39:49]} Rg1 {[%clk 0:41:22]} 45. Kc5 {[%clk 0:31:54]} Rc1+ {[%clk
0:41:31]} 46. Kd5 {[%clk 0:31:35]} Rc2 {[%clk 0:40:34]} 47. d7 {[%clk 0:29:59]}
Rc1 {[%clk 0:40:21]} 48. Kd6 {[%clk 0:30:10]} Rd1+ {[%clk 0:40:46]} 49. Rd5
{[%clk 0:30:29]} 1-0

[Event "European Women's Championship"]
[Site "Vysoke Tatry"]
[Date "2018.04.18"]
[Round "10"]
[White "Sandu, Mihaela"]
[Black "Cibickova, Zuzana"]
[Result "1/2-1/2"]
[Board "38"]
[WhiteElo "2240"]
[WhiteTitle "WGM"]
[WhiteCountry "ROU"]
[WhiteFideId "1204327"]
[WhiteEloChange "2"]
[BlackElo "2327"]
[BlackTitle "WGM"]
[BlackCountry "SVK"]
[BlackFideId "14905779"]
[BlackEloChange "-2"]

1. e4 {[%clk 1:30:55]} e5 {[%clk 1:30:56]} 2. Nf3 {[%clk 1:31:21]} Nc6 {[%clk
1:31:23]} 3. Bc4 {[%clk 1:31:47]} Nf6 {[%clk 1:31:43]} 4. d3 {[%clk 1:32:11]} Be7
{[%clk 1:32:04]} 5. Bb3 {[%clk 1:32:00]} d6 {[%clk 1:31:26]} 6. c3 {[%clk
1:32:25]} O-O {[%clk 1:31:41]} 7. O-O {[%clk 1:32:52]} Na5 {[%clk 1:32:01]} 8.
Bc2 {[%clk 1:33:18]} c5 {[%clk 1:32:28]} 9. Nbd2 {[%clk 1:33:28]} Nc6 {[%clk
1:32:52]} 10. Re1 {[%clk 1:33:47]} Re8 {[%clk 1:33:08]} 11. Nf1 {[%clk 1:34:03]}
h6 {[%clk 1:33:34]} 12. Ne3 {[%clk 1:33:27]} Bf8 {[%clk 1:33:15]} 13. h3 {[%clk
1:33:27]} g6 {[%clk 1:10:35]} 14. a4 {[%clk 1:29:03]} Bg7 {[%clk 1:08:52]} 15.
Bb3 {[%clk 1:24:32]} Rb8 {[%clk 1:03:55]} 16. Nh2 {[%clk 1:19:58]} Be6 {[%clk
1:01:19]} 17. Bxe6 {[%clk 1:08:19]} Rxe6 {[%clk 1:00:23]} 18. Qf3 {[%clk
1:04:04]} Kh7 {[%clk 0:47:59]} 19. Nhg4 {[%clk 0:54:38]} Qf8 {[%clk 0:43:13]} 20.
Nd5 {[%clk 0:49:07]} Ng8 {[%clk 0:37:41]} 21. Nge3 {[%clk 0:48:15]} Nce7 {[%clk
0:33:17]} 22. g4 {[%clk 0:41:54]} Nxd5 {[%clk 0:30:26]} 23. Nxd5 {[%clk 0:41:57]}
Ne7 {[%clk 0:29:11]} 24. Nc7 {[%clk 0:41:25]} Rf6 {[%clk 0:29:29]} 25. Qg3 {[%clk
0:41:40]} g5 {[%clk 0:28:06]} 26. c4 {[%clk 0:39:39]} Qd8 {[%clk 0:20:27]} 27.
Nd5 {[%clk 0:30:34]} Nxd5 {[%clk 0:20:55]} 28. cxd5 {[%clk 0:31:01]} Qa5 {[%clk
0:18:13]} 29. Be3 {[%clk 0:31:24]} Bf8 {[%clk 0:18:12]} 30. Qg2 {[%clk 0:30:16]}
Be7 {[%clk 0:18:08]} 31. Qf1 {[%clk 0:29:08]} Qb4 {[%clk 0:16:57]} 32. Qe2 {[%clk
0:29:07]} a5 {[%clk 0:17:05]} 33. Kg2 {[%clk 0:27:53]} Rg6 {[%clk 0:16:39]} 34.
Rh1 {[%clk 0:27:23]} Qb6 {[%clk 0:16:10]} 35. Bd2 {[%clk 0:24:45]} Rh8 {[%clk
0:13:17]} 36. Bc3 {[%clk 0:22:19]} Qd8 {[%clk 0:10:44]} 37. Qd2 {[%clk 0:22:26]}
b6 {[%clk 0:11:05]} 38. Qe2 {[%clk 0:22:36]} Qd7 {[%clk 0:11:26]} 39. Bd2 {[%clk
0:13:34]} Kg7 {[%clk 0:09:31]} 40. b3 {[%clk 0:41:01]} Kf8 {[%clk 0:38:37]} 41.
Be3 {[%clk 0:37:55]} Bd8 {[%clk 0:38:22]} 42. Rag1 {[%clk 0:35:48]} Ke8 {[%clk
0:37:25]} 43. Kf1 {[%clk 0:33:26]} Be7 {[%clk 0:30:06]} 44. Bd2 {[%clk 0:26:57]}
Rhg8 {[%clk 0:28:47]} 45. Rg3 {[%clk 0:26:52]} Bd8 {[%clk 0:26:42]} 46. Kg2
{[%clk 0:26:39]} Rh8 {[%clk 0:25:07]} 47. Kf1 {[%clk 0:23:10]} Rhg8 {[%clk
0:25:17]} 48. Kg2 {[%clk 0:17:54]} Rh8 {[%clk 0:25:43]} 49. Kf1 {[%clk 0:14:54]}
1/2-1/2